000 00445nam a2200181Ia 4500
005 20250923144302.0
008 008 250917s9999 xx 000 0 eng d
037 _aTextual
040 _aDSWL
_beng
_cDSWL
041 _aeng
_2eng
084 _qDSWL
100 _aAsirvathan, E
_9823245
245 0 _aPolitical theory
_cby E Asirvathan
260 _c1948
300 _a759 p.
942 _cTEXL
999 _c1437019
_d1437019